The German Center Party, 1870-1933 : a study in political Catholicism /

Bibliographic Details
Main Author: Evans, Ellen Lovell, 1930-
Format: Book
Language:English
Published: Carbondale : Southern Illinois University Press, 1981.
Subjects:

MARC

Tag First Indicator Second Indicator Subfields
LEADER 00000pam a2200000 a 4500
001 in00000082951
005 20151008054300.0
008 801202s1981 ilu b 00110 engm
010 |a  80027668  
020 |a 0809309971 
035 |a (OCoLC)07168683 
035 |9 AAJ0194AM 
040 |a DLC  |c DLC  |d m.c.  |d TXA  |d UtOrBLW 
043 |a e-gx--- 
049 |a TXAM  |c [800533] 
050 0 0 |a DD221  |b .E93 
082 0 |a 324.24302  |2 19 
100 1 |a Evans, Ellen Lovell,  |d 1930- 
245 1 4 |a The German Center Party, 1870-1933 :  |b a study in political Catholicism /  |c by Ellen Lovell Evans. 
264 1 |a Carbondale :  |b Southern Illinois University Press,  |c 1981. 
300 |a xi, 433 pages ;  |c 24 cm. 
336 |a text  |b txt  |2 rdacontent 
337 |a unmediated  |b n  |2 rdamedia 
338 |a volume  |b nc  |2 rdacarrier 
500 |a Includes index. 
504 |a Bibliography: pages 409-422. 
610 2 0 |a Deutsche Zentrumspartei  |x History. 
610 2 0 |a Catholic Church  |z Germany  |x History. 
650 0 |a Kulturkampf. 
651 0 |a Germany  |x Politics and government  |y 1871-1918. 
651 0 |a Germany  |x Politics and government  |y 1918-1933. 
999 |a MARS 
999 f f |s c668c1cb-3ac3-378c-8cd0-343974d704e5  |i 68039a51-6e70-3dfa-bd8a-70889489ac0f  |t 0 
952 f f |p ric  |a Texas A&M University  |b Rellis Campus  |c Joint Library Facility  |d Remote Storage  |t 0  |e DD221 .E93  |h Library of Congress classification  |i unmediated -- volume  |m A14806097638 
998 f f |a DD221 .E93  |t 0  |l Remote Storage